000 00319nam a22000977a 4500
005 20250901165604.0
008 231213b |||||||| |||| 00| 0 eng d
050 _aHM22.N48 1973
245 _aAMERICAN PLURALISM:A STUDY OF MINORITY GROUPS AND SOCIAL THEORY
_cNewman, William M.
942 _2lcc
_hHM22.N48 1973
999 _c6310
_d6310